TEXTS IN STATISCAL SCIENCE EXTENDING THE LINEAR MODEL WITH R:GENERALIZED LINEAR, MIXED EFFECTS AND NONPARAMETRIC REGRESSION MODELS (Record no. 217026)

MARC details
000 -LEADER
fixed length control field 00602nam a22001697a 4500
008 - FIXED-LENGTH DATA ELEMENTS--GENERAL INFORMATION
fixed length control field 260420b |||||||| |||| 00| 0 eng d
020 ## - INTERNATIONAL STANDARD BOOK NUMBER
International Standard Book Number 978-1-4987-2096-0
050 ## - LIBRARY OF CONGRESS CALL NUMBER
Classification number QA 279 .F 37 2016
100 ## - MAIN ENTRY--PERSONAL NAME
Personal name FARAWAY, JULIAN J
245 ## - TITLE STATEMENT
Title TEXTS IN STATISCAL SCIENCE EXTENDING THE LINEAR MODEL WITH R:GENERALIZED LINEAR, MIXED EFFECTS AND NONPARAMETRIC REGRESSION MODELS
250 ## - EDITION STATEMENT
Edition statement 2
260 ## - PUBLICATION, DISTRIBUTION, ETC.
Place of publication, distribution, etc. BOCA RATON LONDON,
Name of publisher, distributor, etc. CRC PRESS TAYLOR & FRANCIS GROUP,
Date of publication, distribution, etc. 2016,
300 ## - PHYSICAL DESCRIPTION
Extent Xiii, 394 P, ILL
500 ## - GENERAL NOTE
General note INCLUDES BIBLIOGRAPHICAL REFERENCES AND INDEX
942 ## - ADDED ENTRY ELEMENTS (KOHA)
Source of classification or shelving scheme Library of Congress Classification
Koha item type Long Loan Book
Holdings
Withdrawn status Lost status Source of classification or shelving scheme Damaged status Not for loan Collection Home library Current library Shelving location Date acquired Inventory number Total checkouts Full call number Barcode Date last seen Copy number Price effective from Koha item type
    Library of Congress Classification     Science & Technology Kisii University Library Kisii University Library On Display 04/20/2026 113128   QA 279 .F 37 2016 A001794 04/20/2026 1 04/20/2026 Long Loan Book
    Library of Congress Classification     Science & Technology Kisii University Library Kisii University Library On Display 04/20/2026 113129   QA 279 .F 37 2016 A001793 04/20/2026 2 04/20/2026 Long Loan Book
    Library of Congress Classification     Science & Technology Kisii University Library Kisii University Library On Display 04/20/2026 113130   QA 279 .F 37 2016 A001796 04/20/2026 3 04/20/2026 Long Loan Book